| 000 | 00488nam a2200181Ia 4500 | ||
|---|---|---|---|
| 001 | 2890 | ||
| 005 | 20260306144840.0 | ||
| 008 | 260306t2015||||xx |||||||||||||| ||spa|| | ||
| 041 | _aESP | ||
| 082 |
_a231.5 _bG26 |
||
| 100 |
_aGarreaud Indacochea, Emilio Julio _eAUT |
||
| 245 | 0 |
_aEl amor divino y el amor humano en la obra de C. S. Lewis: _bthesis ad doctoratum |
|
| 260 | _c2015 | ||
| 300 |
_a284 páginas : _c24 cm. |
||
| 650 | _aGEN | ||
| 654 | _aCHU | ||
| 942 |
_cLIB _dJUS _fJUS _2ddc _n |
||
| 999 |
_c2890 _d2890 |
||